Californication Tracklist (RHCP) - Statistics

General Stats
  • This quiz has been taken 90 times
  • The average score is 9 of 15
Answer Stats
Hint Answer % Correct
6 Californication
95%
3 Scar Tissue
86%
1 Around the World
84%
4 Otherside
84%
15 Road Trippin'
73%
2 Parallel Universe
63%
8 Porcelain
62%
5 Get on Top
60%
7 Easily
59%
10 I Like Dirt
56%
13 Purple Stain
54%
9 Emit Remmus
51%
11 This Velvet Glove
51%
12 Savior
43%
14 Right on Time
29%
No matching quizzes found
Score Distribution
Percent of People with Each Score
Percentile by Number Answered
Your Score History
You have not taken this quiz